| 000 | 00642nam a2200241Ia 4500 | ||
|---|---|---|---|
| 003 | OSt | ||
| 005 | 20220912153049.0 | ||
| 006 | a|||||r|||| 00| 0 | ||
| 007 | ta | ||
| 008 | 220909b |||||||| |||| 00| 0 eng d | ||
| 024 | _a22833 | ||
| 037 | _cTextual | ||
| 040 |
_aCSL _beng _cCSL |
||
| 041 | _aeng | ||
| 082 | _aB334, L0 | ||
| 100 | _aBroman Arne | ||
| 245 | 0 | _aIntroduction to partial differential equations from fourier series to boundary value problems | |
| 260 | _c1970 | ||
| 300 |
_ap. _ccm. |
||
| 650 | _aPartial differential equations | ||
| 942 |
_hB334, L0 _cTEXL _2CC |
||
| 999 |
_c97529 _d97529 |
||